| 000 | 00708nam a2200229 a 4500 | ||
|---|---|---|---|
| 999 |
_c3859 _d3859 |
||
| 001 | 15401 | ||
| 003 | BD-DhUAP | ||
| 005 | 20220622113822.0 | ||
| 008 | 200312s20071960nyu 00| 0deng d | ||
| 020 | _a9788184000092 | ||
| 040 |
_aDLC _cDLC _dBD-DhUAP _bEng |
||
| 082 |
_223 _a820.9 DAI |
||
| 100 | 1 | _aDaiches, David. | |
| 245 | 0 | 2 |
_aA critical history of English literature / _cDavid Daiches. |
| 250 | _aRe. ed. | ||
| 260 |
_aNew Delhi, _bSupernova Publishers, _cc1960 [Reprinted 2019]. |
||
| 300 |
_avolumes ; _c23 cm. |
||
| 505 | _aV. 2- The Restoration to the present day. | ||
| 650 | 0 |
_aEnglish literature _xHistory and criticism. |
|
| 942 |
_2ddc _cBK |
||